ბათუმის შოთა რუსთაველის სახელმწიფო უნივერსიტეტის ბიბლიოთეკა

თხზულებანი : სრული კრებული 5 ტომად. ტ. 3 (ბიბ.ჩანაწერი № 48795)

000 -LEADER
fixed length control field 00891nam a2200217Ia 4500
001 - CONTROL NUMBER
control field 15697
003 - CONTROL NUMBER IDENTIFIER
control field GE_BSU
008 - FIXED-LENGTH DATA ELEMENTS--GENERAL INFORMATION
fixed length control field 181216s||||||||xx |||||||||||||| ||und||
040 ## - CATALOGING SOURCE
Transcribing agency GE_BSU
080 ## - UNIVERSAL DECIMAL CLASSIFICATION NUMBER
Universal Decimal Classification number 821.353.1
100 ## - MAIN ENTRY--PERSONAL NAME
Personal name ჭავჭავაძე, ი. (ილია, 1837-1907)
245 ## - TITLE STATEMENT
Title თხზულებანი : სრული კრებული 5 ტომად. ტ. 3
245 ## - TITLE STATEMENT
Remainder of title ტ. 3 : საქართველოს მატიანე ; ცხოვრება და კანონი ; წერილები უცხოეთიდან
245 ## - TITLE STATEMENT
Statement of responsibility, etc. რედ.პ.ინგოროყვა. მხატვ.ბ.გორდეზიანი
260 ## - PUBLICATION, DISTRIBUTION, ETC.
Place of publication, distribution, etc. თბილისი
260 ## - PUBLICATION, DISTRIBUTION, ETC.
Name of publisher, distributor, etc. სახელგამი
260 ## - PUBLICATION, DISTRIBUTION, ETC.
Date of publication, distribution, etc. 1952
300 ## - PHYSICAL DESCRIPTION
Extent 636 გვ.26სმ.
653 ## - INDEX TERM--UNCONTROLLED
Uncontrolled term თხზულებანი
942 ## - ADDED ENTRY ELEMENTS (KOHA)
Koha item type წიგნი
ეგზემპლარები
Withdrawn status Lost status Damaged status Not for loan Date acquired Barcode Date last seen Price effective from Koha item type
        2018-12-17 38991 2018-12-17 2018-12-17 წიგნი
        2018-12-17 38992 2018-12-17 2018-12-17 წიგნი
        2018-12-17 38993 2018-12-17 2018-12-17 წიგნი
        2018-12-17 38994 2018-12-17 2018-12-17 წიგნი
        2018-12-17 38995 2018-12-17 2018-12-17 წიგნი
        2018-12-17 38996 2018-12-17 2018-12-17 წიგნი
        2018-12-17 38997 2018-12-17 2018-12-17 წიგნი
        2018-12-17 38998 2018-12-17 2018-12-17 წიგნი
        2018-12-17 38999 2018-12-17 2018-12-17 წიგნი
        2018-12-17 39000 2018-12-17 2018-12-17 წიგნი